Name Every Sandgrouse - Statistics

General Stats
  • This quiz has been taken 2 times
  • The average score is 7 of 16
Answer Stats
Genus Species % Correct
Crowned Sandgrouse
100%
Spotted Sandgrouse
100%
Syrrhaptes Tibetan Sandgrouse
100%
Black-faced Sandgrouse
50%
Double-banded Sandgrouse
50%
Lichtenstein's Sandgrouse
50%
Namaqua Sandgrouse
50%
Painted Sandgrouse
50%
Pallas's Sandgrouse
50%
Ptercles Pin-tailed Sandgrouse
50%
Black-bellied Sandgrouse
0%
Burchell's Sandgrouse
0%
Chestnut-bellied Sandgrouse
0%
Four-banded Sandgrouse
0%
Madagascar Sandgrouse
0%
Yellow-throated Sandgrouse
0%
No matching quizzes found
Score Distribution
Percent of People with Each Score
Percentile by Number Answered
Your Score History
You have not taken this quiz